Statistics for Every Alan Aztec song

Click here to take the quiz!

General Stats

  • This quiz has been taken 2 times
  • The average score is 15 of 146

Answer Stats

Answer% Correct
BassMarck
100%
Disco Panzer
100%
Kubelwagen GTI
100%
AK50
50%
Bad Girl
50%
Bass Bomber
50%
Big Russian Gun
50%
Born in Russia
50%
Deutschland
50%
Freeki Cheeki
50%
Gopnik in the USA
50%
Hardbass Army
50%
Hussar Gopnik
50%
Hype Train
50%
Ice Cold Russia
50%
Papa Hardbassov
50%
Party Bunker
50%
POLEWAJ
50%
Polska
50%
Russian Life
50%
Russian Spy
50%
Techno Kopter
50%
The Gopnik
50%
This is Russia
50%
We can into Space
50%
Western Spy
50%
AK50 vs Gopnik in the USA
0%
Apocalypse
0%
Bablo
0%
Bamboo Babushka Bass
0%
Bass Assassin
0%
Bass Face
0%
Boo
0%
Bouncin
0%
Cannibal
0%
Catalan Hardbass
0%
Chernobyl Zone
0%
Dance to Hardbass
0%
DA RUSSIAN
0%
Destination Hardbass
0%
Destroy the Party
0%
Deutschland vs Polska
0%
Disco Panzer vs Polewaj
0%
Doctor Gopnik
0%
Do it like a Russian
0%
Dominate
0%
Donk E Kong
0%
Dream Hardbass
0%
Drink Drink
0%
Dr Livesey
0%
Dr Livesey vs Zeppelin Bass Machine
0%
Duck Song
0%
Eggz
0%
Energia
0%
Everyday
0%
EZ Clap
0%
First Klass
0%
Freedom
0%
Golden Gopnik Gangster
0%
Gopnik Funk
0%
Gopnik Gamer Girl
0%
Gopnik Gonna Getcha
0%
Gopnik Robotnik
0%
Gopnik Viking
0%
Go Russian
0%
Go To Russia
0%
Hardbass Barbie
0%
Hardbass History 2
0%
Hardbass History (Review)
0%
Hardbass Queen
0%
Hardbass Revolution
0%
Hardbass Revolution vs Bouncin
0%
Hard Bass School
0%
Hardbass Soldier
0%
Hardbass Till I Die
0%
Hardbass Vanguard
0%
Hardbass Worldwide
0%
Heatwave
0%
Home Party
0%
How we Party
0%
Insert Phrase Here
0%
Inspector Gopnik
0%
JDM
0%
JINX
0%
Kamikaze Seagull
0%
Killa Ruski
0%
Kubelwagen GTI vs Hussar Gopnik
0%
Lada Fast
0%
Little Green Monster in your Head
0%
Mom is on Fire
0%
Mother Russia
0%
Mother Russia vs Drink Drink
0%
My Boy
0%
Napoleon
0%
Nowy God
0%
Nuclear Vodka
0%
Old School Generation
0%
Old Skool Donk
0%
One World
0%
Party auf dem Land
0%
Party Boi
0%
Party in Palace
0%
Party Samurai
0%
Plots Klaps Hardbass
0%
Polish Christmas
0%
Polish Gopnik
0%
Polka Katya
0%
Ravemarine
0%
Russian Friend
0%
Russian Love
0%
Russian Style
0%
Shake That Bass
0%
SHAPES
0%
Show Me What You Got
0%
Slavic Paradise
0%
Slavic Squat
0%
Slavify
0%
Slavinia
0%
Sleepy Creepy
0%
Sneakers
0%
Squat
0%
Squat with me
0%
Street Racer
0%
Submarine
0%
TANK
0%
TANK vs KHARKOVCHANKA
0%
Tazmania
0%
Techno Kopter vs Napoleon
0%
Temple of Three Stripes
0%
This is South Korea
0%
Tonight we Funk
0%
Translator
0%
Triforce
0%
UNDERSLAV
0%
Vive La France
0%
Vodka or Beer
0%
Vodka Party
0%
Vodka Shot
0%
VODKOLBASSA
0%
Wanna Fight Huh
0%
War Thunder (Slav Thunder)
0%
White Nights (Saint Petersburg)
0%
World of Tanks
0%
Yellow Blue Bus Donkey Bass
0%
Zeppelin Bass Machine
0%
Zeppelin Bass Machine vs Vive la France
0%

Score Distribution

Percentile by Number Answered

Percent of People with Each Score

Your Score History

You have not taken this quiz